000 01208nam0a22003251 4500
001 RU\INFOCOMM_322\NLR\5000099756
005 20250613104836.0
010 _99000 экз.
_d5 р.
035 _a(NLR Aleph) 009514868
090 _a8789834
_c8789834
100 _a20121210d1951 |||y0rusy50 ca
101 1 _aeng
102 _aRU
105 _ay z |||||
200 1 _aIn foreign lands and at home
_e[Sketches
_fM. Kondrashova and I. Tyurin
_gPref. by P. Fokin]
205 _a2d ed.
210 _aM.
_cForeign languages publ. house
_d1951
215 _a230 с., 9 л. ил.
_cил.
_d16 см
300 _aИз истории колхоза им. Ленина Тамб. обл., основ. в 1922 г. рус., укр. и белорус. крестьянами-реэмигрантами из Америки
620 _aМосква
686 _aЭсх1140(Тамбовская обл.)
_2rubbk
700 1 _9z01790
_aKondrašova
_bM. M.
_gMarija Michajlovna
701 1 _9z02790
_aTjurin
_bI.
790 1 _9z01700
_aKondrashova
_bM.
_4070
790 1 _9z02701
_aTyurin
_bI.
_4070
801 1 _aRU
_bNLR
_c20121210
801 0 _aRU
_bINFOCOMM
_gPSBO
852 _aNLR
_jЭк51 Г-1/11
942 _cBOOK
980 _aNB